[Event "AUTO-INT-3388"]
[Site "http://www.queenalice.com/game.php?id=1550505"]
[Date "2018.11.24"]
[Round "1"]
[White "IgorOliveiraSep"]
[Black "laSolitude"]
[Result "1-0"]
[WhiteElo "1564"]
[BlackElo "1309"]

1. e4 e5 2. Nf3 f6 3. Nc3 Bb4 4. a3 Bxc3 5. dxc3 d6 6. Bb5+ c6 7. Bc4 Qe7 8. O-O
Bg4 9. Be3 c5 10. h3 Bxf3 11. Qxf3 Nc6 12. Qf5 g6 13. Qe6 Qxe6 14. Bxe6 Nd8 15.
Bxg8 Rxg8 16. Rad1 Nf7 17. c4 g5 18. b3 Kd7 19. Kh2 b6 20. Rd3 h5 21. Rfd1 Kc6
22. a4 a5 23. f3 Rad8 24. Kg3 h4+ 25. Kg4 Rh8 26. Kf5 Rh6 27. c3 Rh5 28. Kg6
Rhh8 29. Kxf7 Rdf8+ 30. Kg7 Rhg8+ 31. Kh7 Rh8+ 32. Kg7 Rhg8+ 33. Kh6 Rh8+ 34.
Kg6 Rhg8+ 35. Kf5 1-0

[Event "AUTO-INT-3388"]
[Site "http://www.queenalice.com/game.php?id=1550506"]
[Date "2018.11.24"]
[Round "1"]
[White "laSolitude"]
[Black "IgorOliveiraSep"]
[Result "0-1"]
[WhiteElo "1323"]
[BlackElo "1573"]

1. e4 e5 2. Nf3 Nc6 3. d4 Nxd4 4. Nxd4 exd4 5. Qxd4 Nf6 6. Bd3 d5 7. e5 Ne4 8.
Bxe4 dxe4 9. Qxd8+ Kxd8 10. Nc3 Bf5 11. O-O Bb4 12. Rd1+ Ke7 13. Bf4 Rhd8 14.
Bg5+ f6 15. exf6+ gxf6 16. Bf4 Rxd1+ 17. Rxd1 Bxc3 18. bxc3 c5 19. c4 Rd8 20.
Rxd8 Kxd8 21. Be3 b6 22. Kf1 Kd7 23. Ke2 Ke6 24. a4 Bg4+ 25. Kd2 Kf5 26. g3 Ke6
27. Kc3 h5 28. Bf4 Bf3 29. Bb8 Kd7 30. Bxa7 Kc7 0-1

[Event "AUTO-INT-3388"]
[Site "http://www.queenalice.com/game.php?id=1550523"]
[Date "2018.11.24"]
[Round "1"]
[White "laSolitude"]
[Black "askasl159"]
[Result "0-1"]
[WhiteElo "1317"]
[BlackElo "1628"]

1. e4 e5 2. Nf3 Nc6 3. d4 d5 4. dxe5 dxe4 5. Qxd8+ Nxd8 6. Nc3 exf3 7. gxf3 Bc5
8. Be3 Bxe3 9. fxe3 f5 10. Nd5 Ne6 11. Bc4 c6 12. Nc3 b5 13. Bxe6 Bxe6 14. O-O-O
Ne7 15. f4 b4 16. Na4 a5 17. Rd6 Kf7 18. Nc5 Bd5 19. e6+ Ke8 20. Rg1 g6 21. Rd7
Rb8 22. b3 Rb5 23. Nb7 Bxe6 24. Rd8+ Kf7 25. Rxh8 Kg7 26. Re8 Rxb7 27. Re1 Bd5
28. Kb2 Be4 29. Rd1 Nd5 30. Rd8 Nc3 31. Rg1 Re7 32. a3 c5 33. Rc8 a4 34. Rxc5
axb3 35. axb4 Na4+ 0-1

[Event "AUTO-INT-3388"]
[Site "http://www.queenalice.com/game.php?id=1550524"]
[Date "2018.11.24"]
[Round "1"]
[White "askasl159"]
[Black "laSolitude"]
[Result "1-0"]
[WhiteElo "1599"]
[BlackElo "1316"]

1. e4 e5 2. f4 Nc6 3. Nf3 exf4 4. d4 d6 5. h3 g5 6. Bc4 Be6 7. d5 Ne5 8. Nxe5
dxe5 9. a3 Bd7 10. b4 Qf6 11. Bb2 O-O-O 12. Nd2 Ba4 13. Qe2 Bxc2 14. Nf3 Ba4 15.
Nxe5 Bd6 16. Nd3 f3 17. Bxf6 fxe2 18. Bxh8 f6 19. Kxe2 Re8 20. Raf1 Rxe4+ 21.
Kd2 Rxc4 22. Bxf6 Rc2+ 23. Ke3 Nxf6 24. Rxf6 Rxg2 25. h4 Rg3+ 26. Kd2 g4 27. Ke2
Bb5 28. Rd1 Rg2+ 29. Rf2 Bxd3+ 30. Rxd3 Rg1 31. Rf1 Rg2+ 32. Rf2 Rg1 33. Rf7 g3
34. Rd1 Rg2+ 35. Kf1 Ra2 36. Rg7 b6 37. Rd3 h5 38. Rg5 Bf4 39. Rg8+ Kb7 40. Rf3
g2+ 41. Rxg2 Rxg2 42. Kxg2 Bd6 43. Rf5 c6 44. Rxh5 cxd5 45. Rxd5 Kc6 46. Rf5 Kd7
47. h5 Ke6 48. Rf3 Be7 49. b5 Bg5 50. Rf8 Bc1 51. a4 Bh6 52. Ra8 1-0

[Event "AUTO-INT-3388"]
[Site "http://www.queenalice.com/game.php?id=1550525"]
[Date "2018.11.24"]
[Round "1"]
[White "laSolitude"]
[Black "salvachess"]
[Result "1-0"]
[WhiteElo "1293"]
[BlackElo "1639"]

1. e4 e5 2. Nf3 Nc6 3. d4 exd4 4. Nxd4 Nxd4 5. Qxd4 Nf6 6. Bg5 Be7 7. Bxf6 Bxf6
8. e5 Be7 9. Bd3 O-O 10. Bxh7+ Kxh7 11. O-O c5 12. Qe4+ g6 13. Re1 f5 14. Qc4 b6
15. Nc3 a5 16. Rad1 Ba6 17. Qa4 d6 18. e6 Qc7 19. Nd5 Qb7 20. Nxe7 Qxe7 21. Qc6
Bc4 22. b3 Bxe6 23. Rxd6 Rf6 24. Rexe6 Rxe6 25. Rxe6 Qg5 26. g3 Rd8 27. Qc7+ Kh6
28. Re7 Rh8 29. Qe5 Rh7 30. Rxh7+ Kxh7 31. Qc7+ Kh6 32. Qxb6 Qc1+ 33. Kg2 Qa3
34. Qb8 Qxa2 35. Qh8+ Kg5 36. f4+ Kg4 37. Qh4# 1-0

[Event "AUTO-INT-3388"]
[Site "http://www.queenalice.com/game.php?id=1550526"]
[Date "2018.11.24"]
[Round "1"]
[White "salvachess"]
[Black "laSolitude"]
[Result "1-0"]
[WhiteElo "1610"]
[BlackElo "1313"]

1. e4 e5 2. a3 d5 3. exd5 Qxd5 4. Nc3 Qc6 5. h3 Nd7 6. Bb5 Qxg2 7. Qf3 Qxf3 8.
Nxf3 f6 9. Bxd7+ Bxd7 10. b4 O-O-O 11. d3 h6 12. Be3 b6 13. Nd2 Ne7 14. O-O-O
Nf5 15. Nd5 Nxe3 16. fxe3 Bc6 17. e4 Bxd5 18. exd5 Rxd5 19. Nc4 g5 20. Rhf1 Be7
21. Ne3 Kb7 22. c4 Rdd8 23. Nf5 Bf8 24. d4 e4 25. Rfe1 Re8 26. c5 Rh7 27. cxb6
axb6 28. Kb2 h5 29. Re3 g4 30. h4 Bh6 31. Rc3 Bf4 32. Rf1 Bd2 33. Rc2 Bh6 34. a4
Rd7 35. Nxh6 e3 36. Rc4 e2 37. Re1 g3 38. Kc2 Rd6 39. a5 f5 40. Nxf5 Rf6 41.
Nxg3 Rf3 42. Nxe2 Rfe3 43. Kd2 b5 44. Rc5 c6 45. Rxh5 Rb3 46. Re5 Rxe5 47. dxe5
1-0

[Event "AUTO-INT-3390"]
[Site "http://www.queenalice.com/game.php?id=1551850"]
[Date "2018.12.4"]
[Round "1"]
[White "laSolitude"]
[Black "NickThorp"]
[Result "1/2-1/2"]
[WhiteElo "1279"]
[BlackElo "1684"]

1. e4 e5 2. Nf3 Nc6 3. d4 Bb4+ 4. c3 Bd6 5. d5 Na5 6. b4 Nf6 7. Bg5 h6 8. Bxf6
Qxf6 9. bxa5 a6 10. Bc4 b5 11. Bb3 O-O 12. O-O c6 13. c4 bxc4 14. Bxc4 cxd5 15.
Bxd5 Rb8 16. Nc3 Bb7 17. Bxb7 Rxb7 18. Nd5 Qd8 19. Nb6 Bc5 20. Rb1 Bxb6 21. axb6
Rxb6 22. Rxb6 Qxb6 23. Nxe5 Qe6 24. Nxd7 Rd8 25. Nf6+ Qxf6 26. Qa4 Rd4 27. Qe8+
Kh7 28. h3 Qe6 29. Qxe6 1/2-1/2

[Event "AUTO-INT-3390"]
[Site "http://www.queenalice.com/game.php?id=1551851"]
[Date "2018.12.4"]
[Round "1"]
[White "NickThorp"]
[Black "laSolitude"]
[Result "1/2-1/2"]
[WhiteElo "1621"]
[BlackElo "1303"]

1. e4 e5 2. Nf3 Nf6 3. Nc3 Bb4 4. a3 Bxc3 5. dxc3 a6 6. Bg5 Nc6 7. Bc4 h6 8.
Bxf6 Qxf6 9. O-O d6 10. h3 g5 11. Qd5 Be6 12. Qd3 Na5 13. Bxe6 Qxe6 14. b4 Nc4
15. Rfd1 Nb2 16. Qd5 Qxd5 17. Rxd5 Na4 18. c4 Nc3 19. Rd2 Nxe4 20. Rd3 O-O-O 21.
Rad1 h5 22. h4 g4 23. Ng5 Nxg5 24. hxg5 Rhg8 25. g3 Rxg5 26. c5 e4 27. Rd5 Rxd5
28. Rxd5 dxc5 29. Rxc5 Rd1+ 30. Kg2 Rc1 31. c4 Rc3 32. a4 b6 33. Rc6 Kb7 34. Rh6
Rxc4 35. Rxh5 Rxb4 36. a5 Rb2 37. axb6 e3 38. Kf1 exf2 39. Rh6 a5 40. bxc7 Kxc7
41. Rf6 a4 42. Rxf7+ Kd6 43. Ra7 Ra2 44. Ra5 a3 45. Ra4 Kc5 46. Rxg4 Rb2 47. Ra4
a2 48. g4 Rb1+ 49. Kxf2 a1=Q 50. Rxa1 Rxa1 51. Kf3 Kd5 52. Kf4 Ke6 53. Kg5 Kf7
54. Kh5 Rh1+ 55. Kg5 Kg7 1/2-1/2

[Event "AUTO-INT-3390"]
[Site "http://www.queenalice.com/game.php?id=1551852"]
[Date "2018.12.4"]
[Round "1"]
[White "laSolitude"]
[Black "Jomaley"]
[Result "0-1"]
[WhiteElo "1288"]
[BlackElo "1456"]

1. e4 e5 2. Nf3 Qf6 3. d3 d6 4. Bg5 Qg6 5. Qd2 f6 6. Be3 Bg4 7. Be2 h5 8. Nh4
Qf7 9. h3 Bxe2 10. Qxe2 d5 11. Bd2 d4 12. O-O Nc6 13. c3 g6 14. c4 Nce7 15. b4
g5 16. Nf5 Nxf5 17. Re1 Nh4 0-1

[Event "AUTO-INT-3390"]
[Site "http://www.queenalice.com/game.php?id=1551853"]
[Date "2018.12.4"]
[Round "1"]
[White "Jomaley"]
[Black "laSolitude"]
[Result "0-1"]
[WhiteElo "1419"]
[BlackElo "1298"]

1. e4 e5 2. Nf3 Nf6 3. Bd3 d5 4. Nxe5 Nxe4 5. Bxe4 dxe4 6. Qh5 g6 7. Qe2 Qg5 8.
Qb5+ c6 9. Qe2 Qxe5 10. d3 Bf5 11. g4 Be6 12. Qxe4 Qxe4+ 13. dxe4 Bd6 14. Nc3
Bxg4 15. h3 Bf3 16. Rg1 Nd7 17. Bg5 Kf8 18. Bh6+ Kg8 19. a4 Re8 20. Rg4 Bxg4 21.
hxg4 Bb4 22. f3 f6 23. a5 Kf7 24. a6 Bxc3+ 25. bxc3 g5 26. axb7 Kg6 27. Bxg5
Kxg5 28. Rxa7 Ne5 0-1